000 00474nam a22001577a 4500
008 220725b |||||||| |||| 00| 0 eng d
020 _a9789993617389
082 _a730 VER
100 _aVerhufen, Gregor
245 _aWritten Scripts and Calligraphies of Bhutan
260 _aThimphu :
_bNational Library and Archives of Bhutan,
_c2019.
300 _axvii, 346 p.
_c28 cm.
500 _aIncludes Bibliography reference
650 _aCalligraphies of Bhutan
942 _2ddc
999 _c9036
_d9037